| 000 | 00362nam a2200157Ia 4500 | ||
|---|---|---|---|
| 999 |
_c31238 _d31238 |
||
| 003 | OSt | ||
| 005 | 20250710130038.0 | ||
| 008 | 250310s9999||||xx |||||||||||||| ||und|| | ||
| 040 | _c. | ||
| 082 |
_a823 _bP994 |
||
| 100 |
_95995 _aPuzo, Mario |
||
| 245 | 0 |
_aFools die / _cMario Puzo |
|
| 260 |
_aUSA. _bA signet book, _c1979. |
||
| 300 | _a531 p. | ||
| 942 |
_cBK _2ddc |
||